| 000 | 01519cam a2200277 4500 | ||
|---|---|---|---|
| 001 | ABS68509 | ||
| 008 | 041203n2004 000 0 eng u | ||
| 035 | _a(Sirsi) u128199 | ||
| 100 | _aSommerville, J. | ||
| 245 | 4 | _aThe standardisation of construction snagging | |
| 260 | _c2004 | ||
| 490 |
_aStructural Survey _v22(5) 2004, 251-258(8) |
||
| 520 | _aLooks at how the residential sector of the construction industry continually experiences significant numbers of snags. Discusses how many site issues, including snagging, need to be resolved quickly and efficiently to avoid dispute and more importantly cost overrun. Highlights that snagging information produced by different professionals rarely acknowledges the needs of others. It is often so incompatible that the next stage in many processes is to reconstruct the information into a workable format. Concludes what is required is a coherent approach to the use and implementation of an IT based, industry wide, snagging format which would revolutionise and streamline the recording and approval process of construction snagging. Diagrams, tables and references. (Taken from journal abstract). | ||
| 590 | _aABS | ||
| 590 | _aABS | ||
| 650 | _aSTANDARDISATION | ||
| 650 | _aQUALITY | ||
| 650 | _aSNAGGING | ||
| 650 | _aCONSTRUCTION PROJECTS | ||
| 650 | _aPROJECT DOCUMENTATION | ||
| 650 | _aPROJECT INFORMATION | ||
| 690 | _aBUILDING AND CONSTRUCTION-REPAIRS AND MAINTENANCE | ||
| 700 | _aCraig, N. | ||
| 700 | _aBowden, S. | ||
| 942 | _n0 | ||
| 999 |
_c118407 _d118407 |
||